00775nam a2200265Ia 450000500170000000800460001702000180006303700130008104000080009404000080010204000080011004100080011804100080012608400080013410000310014224500610017326000150023426000240024926000090027365000150028285600900029794200100038799900210039795200910041820260302114454.0008 260114s9999 xx 000 0 eng d a9781474280518 aTextbook aCRL beng cCRL 2eng aeng qCRL aDeane-Peter Baker91118335 0aCitizen Killings Liberalism, State Policy and Moral Risk bBloomsbury bBloomsbury Academic c2016 aPhilosophy uhttps://dx.doi.org/10.5040/9781474280518?locatt=label:secondary_bloomsburyCollections cEBOOK c1682674d1682674 00104070aCRLbCRLd2026-03-02l0pCL1975396r2026-03-02 11:44:54w2026-03-02yEBOOK